Проблемы обработки сигналов в измерительных каналах расхода жидких сред по перепаду давления; Физико-технические проблемы в науке, промышленности и медицине

Bibliografski detalji
Parent link:Физико-технические проблемы в науке, промышленности и медицине.— 2022.— [С. 123-124]
Glavni autor: Емельянов А. М. Алексей Михайлович
Autor kompanije: Национальный исследовательский Томский политехнический университет Инженерная школа ядерных технологий Отделение ядерно-топливного цикла
Daljnji autori: Надеждин И. С. Игорь Сергеевич, Горюнов А. Г. Алексей Германович
Sažetak:Заглавие с экрана
Jezik:ruski
Izdano: 2022
Serija:Цифровизация процессов и производств
Teme:
Online pristup:http://earchive.tpu.ru/handle/11683/74586
Format: Elektronički Poglavlje knjige
KOHA link:https://koha.lib.tpu.ru/cgi-bin/koha/opac-detail.pl?biblionumber=635504

MARC

LEADER 00000naa2a2200000 4500
001 635504
005 20240202103354.0
035 |a (RuTPU)RU\TPU\conf\37357 
035 |a RU\TPU\conf\37353 
090 |a 635504 
100 |a 20230131d2022 k y0rusy50 ca 
101 0 |a rus 
102 |a RU 
105 |a y z 101zy 
135 |a drgn ---uucaa 
181 0 |a i  
182 0 |a b 
200 1 |a Проблемы обработки сигналов в измерительных каналах расхода жидких сред по перепаду давления  |f А. М. Емельянов, И. С. Надеждин, А. Г. Горюнов 
203 |a Текст  |c электронный 
225 1 |a Цифровизация процессов и производств 
300 |a Заглавие с экрана 
320 |a [Библиогр.: с. 124 (4 назв.)] 
338 |b Российский научный фонд  |d 22-79-00011 
463 0 |0 (RuTPU)RU\TPU\conf\36995  |t Физико-технические проблемы в науке, промышленности и медицине  |o сборник тезисов докладов XI Международной научно-практической конференции, г. Томск, 07–09 сентября 2022 г.  |f Национальный исследовательский Томский политехнический университет, Инженерная школа ядерных технологий ; ред. кол. А. Г. Горюнов, О. Ю. Долматов, А. О. Семенов, Е. С. Сухих  |v [С. 123-124]  |d 2022 
610 1 |a труды учёных ТПУ 
610 1 |a электронный ресурс 
610 1 |a обработка 
610 1 |a сигналы 
610 1 |a измерительные каналы 
610 1 |a расход 
610 1 |a жидкие среды 
610 1 |a перепады 
610 1 |a давление 
610 1 |a цифровая обработка 
610 1 |a нейросетевые технологии 
610 1 |a режим реального времени 
700 1 |a Емельянов  |b А. М.  |c специалист в области контрольно-измерительной техники  |c инженер-проектировщик Томского политехнического университета  |f 1998-  |g Алексей Михайлович  |3 (RuTPU)RU\TPU\pers\46634 
701 1 |a Надеждин  |b И. С.  |c специалист в области автоматики и электроники  |c инженер-исследователь Томского политехнического университета  |f 1990-  |g Игорь Сергеевич  |3 (RuTPU)RU\TPU\pers\32958 
701 1 |a Горюнов  |b А. Г.  |c специалист в области автоматического управления  |c заведующий кафедрой Томского политехнического университета, доктор технических наук  |f 1979-  |g Алексей Германович  |3 (RuTPU)RU\TPU\pers\25726  |9 11628 
712 0 2 |a Национальный исследовательский Томский политехнический университет  |b Инженерная школа ядерных технологий  |b Отделение ядерно-топливного цикла  |3 (RuTPU)RU\TPU\col\23554 
801 2 |a RU  |b 63413507  |c 20230201  |g RCR 
856 4 |u http://earchive.tpu.ru/handle/11683/74586 
942 |c BK